當我想你時,全世界都救不了我
| 資料類型: | 圖書 | 書目號: | 52942 |
Leader xxxxxxxxxx 001 __ PCLIS00052942 005 __ 20220611155222.0 010 0_ |a978-957-658-122-9|b平裝|dNT$340 042 __ |anbic 100 __ |a20190417d2019 m y0chiy50 e 101 0_ |achi 102 __ |atw 105 __ |ay z 000cy 200 1_ |a當我想你時,全世界都救不了我|f肆一著 210 __ |a臺北市|c三采文化|d2019[民108] 215 0_ |a[211]面|d20公分 225 1_ |a愛寫|v27 606 __ |2cst|a散文 700 _0 |a肆一|f1976- |4著 681 __ |a855|b852 801 _0 |atw|bLibDipper|c20190417|gCCR 801 _1 |atw|b內湖高中|c20190430|gCCR 801 _2 |atw|b內湖高中|c20220611|gCCR |